000 01083nam a22003137a 4500
001 0004198
003 KOHA_MİRAKIL
005 20260207001403.0
007 ta
008 090420b1993 tu |||gr||||#||||0|tur |
020 _a9754401527
_c0,01
040 _aTR-BiSEU
_btur
_cTR-BiSEU
_erda
041 0 _atur
044 _ctu
050 _aHD9735
_b.K67 1993
100 1 _aKorkmaz, Adil.
245 1 _aDiğer imalat sanayiinde verimlilik göstergeleri= productivity indicators in other manufacturing industry (1985-1990)/
_cAdil Korkmaz ; Adil Korkmaz.
264 1 _aAnkara :
_bMilli Prodüktivite Merkezi,1993.
_c1993
300 _a80 sayfa: resimli; 24 cm.
336 _ametin
_btxt
_2rdacontent
337 _aaracısız
_bn
_2rdamedia
338 _acilt
_bnc
_2rdacarrier
490 1 _aMilli Prodüktivite Merkezi yayınları ;
_v501.
500 _aKaynakça var.
650 0 _aEndüstri--Türkiye--İstatistikler.
_910280
650 0 _aTürkiye--İmalat--İstatistikler.
_910281
830 1 _aMilli Prodüktivite Merkezi yayınları ;
_v501.
_96187
942 _2lcc
_cBK
999 _c4181
_d4181